LEADER 01133nam a2200253 i 4500 001 000000222057 003 CaOOAMICUS 005 20130829000000.0 008 130829s2009 it u000 u ita u 013 $a200954 040 $aSeMil$bita 100 1 $aBalconi, Lorenzo Maria .$0(OLS)http://semarc/name/33282 245 10$aQuello che ho ve lo do :$btrentatré anni di paternità /$cLorenzo Maria Balconi ; a cura di Angela Corno. 260 $aRoma :$bMissionarie dell'Immacolata,$c2009. 300 $a286 p. :$bill. ;$c21 cm. 500 $aCon dedica. - Fondo card. C. M. Martini. 650 4$aBalconi, Lorenzo - Lettere e scritti.$0(OLS)http://semarc/subject/30461 700 1 $aCorno, Angela.$0(OLS)http://semarc/name/77633 850 $aSeMil 852 $aSeMil$W1$xVenegono$y1$m3G II 455$j172403$B172403$CSeMilBibl$Z2$F185291 $81 941 1 $a4 961 $aLascito: Martini Card. Carlo Maria 996 $6245$aQuello che ho ve lo do :$btrentatré anni di paternità$9(OLS)http://semarc/title/318345 996 $6260$aRoma :$bMissionarie dell'Immacolata$9(OLS)http://semarc/publisher/53233 LEADER 00744nam a2200181 i 4500 001 000000009735 003 CaOOAMICUS 005 20180830125440.0 008 180830s1890 it u000 u ita u 040 $aSeMil$bita 100 1 $aCantoni, Carlo <1840-1906>.$0(OLS)http://semarc/name/4791 245 10$aCorso elementare di filosofia /$cper Carlo Cantoni. 260 $aMilano :$bUlrico Hoepli,$c1890. 300 $a2 v. ;$c20 cm. 774 0 $tPsicologia percettiva ; Logica.$b11. ed. corretta dall'A.$g1$w()70165 774 0 $tPsicologia morale ; Morale ; Estetica.$b6. ed. corretta dall'A.$g2$w()70166 996 $6245$aCorso elementare di filosofia$9(OLS)http://semarc/title/960 996 $6260$aMilano :$bUlrico Hoepli$9(OLS)http://semarc/publisher/29765